00674 am a2200217 a 4500001000700000003000400007005001700011008004100028020001800069082001600087100001800103245006300121260004500184300001000229653002700239653001200266700003100278942001200309999001700321952011800338152203OSt20220106154742.060115 ###  a9780195609899 a823.8bE44S1 aEliot, George1 aSilas Marnercby George Eliot; edited by G.E. Hollingworth aNew DelhibOxford University Pressc2011 a227p. aFathers and daughters; aWeavers aHollingworth, G.E.eEditor 2ddccBK c15038d15038 00102ddc40708TXBaCURAJbCURAJd2016-01-06eENGl2o823.8 E44Sp25342r2026-05-06s2026-04-17w2020-09-02yBK